|
|
|
|
| LEADER |
00000nam0a2200000 4500 |
| 001 |
261440 |
| 005 |
20231101233550.0 |
| 035 |
|
|
|a (RuTPU)RU\TPU\book\284420
|
| 090 |
|
|
|a 261440
|
| 100 |
|
|
|a 20140523d1979 m y0rusy50 ca
|
| 101 |
0 |
|
|a rus
|
| 102 |
|
|
|a RU
|
| 105 |
|
|
|a a j 001zy
|
| 200 |
1 |
|
|a Динамическая теория магнитного рассеяния рентгеновских лучей в антиферромагнетиках
|e [учебное пособие]
|f Ф. А. Бабушкин
|
| 210 |
|
|
|a Ленинград
|c Изд-во ЛГУ
|d 1979
|
| 215 |
|
|
|a 103 с.
|c ил.
|
| 320 |
|
|
|a Библиогр.: с. 103.
|
| 606 |
1 |
|
|a Рентгеновские лучи
|x Рассеяние в кристаллах
|2 stltpush
|3 (RuTPU)RU\TPU\subj\25078
|9 49315
|
| 610 |
1 |
|
|a учебные пособия
|
| 610 |
1 |
|
|a антиферромагнетики
|
| 610 |
1 |
|
|a вещество
|
| 610 |
1 |
|
|a структура
|
| 610 |
1 |
|
|a рассеяние
|
| 675 |
|
|
|a 548.0:539(07)
|v 3
|
| 700 |
|
1 |
|a Бабушкин
|b Ф. А.
|g Феликс Александрович
|
| 801 |
|
1 |
|a RU
|b 63413507
|c 20140523
|
| 801 |
|
2 |
|a RU
|b 63413507
|c 20140605
|g RCR
|
| 942 |
|
|
|c BK
|